[Event "Havana Gilberto Garcia Memorial-A"]
[Site "Havana"]
[Date "2024.03.03"]
[Round "8"]
[White "Mora Heredia, Yoleysi"]
[Black "Mendoza Novo, Gustavo Jose"]
[Result "1-0"]
[WhiteElo "1949"]
[BlackElo "1837"]
[PlyCount "81"]
[EventDate "2024.02.24"]
[EventType "tourn"]
[EventRounds "9"]
[EventCountry "CUB"]
[SourceTitle "CB13_2024"]
[SourceDate "2024.03.27"]
[SourceVersion "1"]
[SourceVersionDate "2024.03.27"]
[SourceQuality "1"]

1. d4 d5 2. c4 c6 3. Nc3 Nf6 4. Nf3 g6 5. cxd5 cxd5 6. Bg5 Bg7 7. e3 0-0 8. Bd3 Nc6 9. Rc1 Bg4 10. h3 Bf5 11. Bxf5 gxf5 12. Bxf6 Bxf6 13. Qb3 e6 14. Qxb7 Na5 15. Qa6 Kh8 16. b3 Rg8 17. g3 Qb6 18. Qxb6 axb6 19. 0-0 Nb7 20. a4 Nd6 21. Ne5 Bxe5 22. dxe5 Ne4 23. Nxe4 fxe4 24. Rc6 b5 25. axb5 Rgb8 26. b6 Ra6 27. b4 Raxb6 28. Rxb6 Rxb6 29. Rb1 Rb5 30. g4 Kg7 31. Kg2 f6 32. exf6+ Kxf6 33. Kg3 e5 34. f4 d4 35. fxe5+ Kxe5 36. exd4+ Kxd4 37. Kf4 Kd3 38. Rb3+ Kc2 39. Re3 Rxb4 40. Rxe4 Rb7 41. h4 1-0

[Event "Havana Gilberto Garcia Memorial-A"]
[Site "Havana"]
[Date "2024.02.25"]
[Round "3"]
[White "Torres Ymas, Alejandra"]
[Black "Mendoza Novo, Gustavo Jose"]
[Result "1-0"]
[WhiteElo "1920"]
[BlackElo "1837"]
[PlyCount "107"]
[EventDate "2024.02.24"]
[EventType "tourn"]
[EventRounds "9"]
[EventCountry "CUB"]
[SourceTitle "CB13_2024"]
[SourceDate "2024.03.27"]
[SourceVersion "1"]
[SourceVersionDate "2024.03.27"]
[SourceQuality "1"]

1. e4 c6 2. d4 d5 3. f3 dxe4 4. fxe4 e5 5. Nf3 Bg4 6. Bc4 Nf6 7. c3 Bxf3 8. Qxf3 Nbd7 9. 0-0 Bd6 10. Qg3 Qe7 11. Qf3 0-0-0 12. Re1 h6 13. Nd2 c5 14. d5 Kb8 15. a4 g5 16. Nf1 Ne8 17. Ng3 Ng7 18. Nf5 Nxf5 19. Qxf5 f6 20. a5 Qh7 21. Rf1 Qxf5 22. Rxf5 Rhf8 23. Be3 Rf7 24. Raf1 a6 25. Bb3 Rdf8 26. Bd1 Kc7 27. Bg4 Be7 28. h4 Rg7 29. hxg5 fxg5 30. Rxf8 Nxf8 31. b4 cxb4 32. Bb6+ Kd6 33. c4 Nd7 34. Bxd7 Kxd7 35. c5 Bd8 36. Rb1 Bxb6 37. axb6 Rf7 38. Rxb4 g4 39. c6+ Kd6 40. Rc4 Rf8 41. cxb7 Rb8 42. Rc6+ Kd7 43. Kf2 a5 44. Kg3 a4 45. Rc4 Rxb7 46. Rxa4 Rxb6 47. Kxg4 Rf6 48. g3 Rg6+ 49. Kf5 Rxg3 50. Kxe5 h5 51. Ra7+ Kd8 52. Rh7 Rh3 53. Kd6 Ke8 54. e5 1-0

[Event "Giraldilla de La Habana op"]
[Site "Havana"]
[Date "2018.07.28"]
[Round "2"]
[White "Perez Grinan, Pedro Ernesto"]
[Black "Mendoza Novo, Gustavo Jose"]
[Result "1-0"]
[WhiteElo "2050"]
[BlackElo "1922"]
[PlyCount "32"]
[EventDate "2018.07.28"]
[EventType "swiss"]
[EventRounds "9"]
[EventCountry "CUB"]
[SourceTitle "EXT 2021"]
[Source "ChessBase"]
[SourceDate "2020.10.23"]
[SourceVersion "1"]
[SourceVersionDate "2020.10.23"]
[SourceQuality "1"]

1. d4 d5 2. Nf3 Nf6 3. Bf4 g6 4. e3 Bg7 5. h3 0-0 6. Be2 Ne4 7. Nbd2 Nxd2 8. Qxd2 c6 9. g4 Nd7 10. g5 Re8 11. 0-0-0 e5 12. Nxe5 Nxe5 13. dxe5 Bxe5 14. Bxe5 Rxe5 15. h4 Bf5 16. h5 Qxg5 1-0

[Event "Aleman Memorial"]
[Site "Havana"]
[Date "2018.??.??"]
[Round "3"]
[White "Mendoza Novo, Gustavo Jose"]
[Black "Coca Rojas, Orlando"]
[Result "1/2-1/2"]
[WhiteElo "1922"]
[BlackElo "1934"]
[PlyCount "82"]
[EventDate "2018.02.02"]
[EventType "swiss"]
[EventRounds "7"]
[EventCountry "CUB"]
[SourceTitle "EXT 2021"]
[Source "ChessBase"]
[SourceDate "2020.10.23"]
[SourceVersion "1"]
[SourceVersionDate "2020.10.23"]
[SourceQuality "1"]

1. d4 f5 2. c4 Nf6 3. Nc3 g6 4. Nf3 Bg7 5. e3 0-0 6. Bd3 d6 7. 0-0 c6 8. Qc2 Qe8 9. e4 fxe4 10. Nxe4 Nxe4 11. Bxe4 Bg4 12. Be3 Nd7 13. h3 Bf5 14. Ng5 e6 15. g4 Bxe4 16. Nxe4 d5 17. Ng3 Qe7 18. f4 dxc4 19. Qxc4 Nb6 20. Qb3 Nd5 21. Kh2 Rf7 22. Rad1 Raf8 23. Ne2 Bh6 24. Kg2 Bxf4 25. Bxf4 Nxf4+ 26. Nxf4 Rxf4 27. Rxf4 Rxf4 28. Qe3 Qd6 29. Rd2 Qd5+ 30. Kg3 g5 31. Qe5 Rf3+ 32. Kh2 Rf1 33. Qxd5 exd5 34. Kg2 Rf4 35. Kg3 Kf7 36. h4 h6 37. h5 Ke6 38. b4 b6 39. a4 Kd6 40. Rd1 c5 41. bxc5+ bxc5 1/2-1/2